000 01648nam a2200313Ia 4500
999 _c55256
_d55256
001 22332
003 GE_BSU
005 20250801161036.0
008 181216s2014||||ge |||||||||||||| ||geo||
020 _a978-9941-455-85-8
040 _cGE_BSU
041 _ageo
080 _a811.353.32'366.58 დ-14
100 _aდადიანი, ე.
_925739
245 _aმეგრული ზმნის პარადიგმა = The megrelian verb paradigm /
_cეკა დადიანი ; რედ. : ტარიელ ფუტკარაძე, რევაზ შეროზია ; აკაკი წერეთლის სახელმწ. უნ-ტი.
264 _aქუთაისი :
_bაკაკი წერეთლის სახელმწ. უნ-ტის გამ-ბა,
_c2014.
300 _a473 გვ. :
_bცხრ. ;
_c21 სმ.
500 _aშემოკლებანი : გვ. 165-166
504 _aბიბლიოგრ. : გვ. 150-164
520 _aთავფურ. ქართ. და ინგლ.. - რეზ. ინგლ.
541 _h8 ლ.
653 _aმეგრული ზმნა
653 _aმეგრული ზმნის პარადიგმა
653 _aქართული ენა
700 _aფუტკარაძე, ტარიელ
_eრედაქტორი
_9128
700 _aშეროზია, რევაზ
_eრეადაქტორი
_925740
710 _aაკაკი წერეთლის სახელმწიფო უნსტიტუტი
_925741
942 _cBK
_2udc